| 000 | 01048nam a22003137a 4500 | ||
|---|---|---|---|
| 003 | CHAP | ||
| 005 | 20220329134244.0 | ||
| 008 | 971013s1946 r 00010 d | ||
| 010 | _a17700 | ||
| 011 | _a18672 | ||
| 035 | _a22757 | ||
| 040 | _cCHAP | ||
| 090 | _aTesis | ||
| 100 | 0 | 0 |
_aBlackaller Valdés, Alonso. _912991 |
| 245 | _aEstudio experimental para contribuir al control de las plagas que atacan al ejote y frijol | ||
| 260 |
_aChapingo, Méx. : _bEl autor, _c1946 |
||
| 300 |
_a92 h. _b: ilus. |
||
| 502 | _aTesis (Ing. Agr. Esp. en Parasitología) -- ENA. Departamento de Parasitología Agrícola | ||
| 590 |
_aALEPH _b10 _c20130110 _lUCH01 _h1240 |
||
| 590 |
_aBATCH-UPD _b10 _c20130110 _lUCH01 _h2101 |
||
| 590 |
_aBATCH-UPD _b10 _c20130410 _lUCH01 _h1413 |
||
| 590 |
_aBATCH-UPD _b10 _c20130914 _lUCH01 _h0725 |
||
| 590 |
_aCONVERSION _b10 _c20130109 _lUCH01 _h1311 |
||
| 650 | 1 | 4 |
_aEjote _xEnfermedades. _936069 |
| 650 | 1 | 4 |
_aFrijol _xEnfermedades. _943367 |
| 901 | _aBK | ||
| 942 | _cTESIS | ||
| 949 |
_bBC _cTES _d-53198 _eTS1 _i22757 _si |
||
| 999 |
_c17700 _d17700 |
||